| 000 | 00759nam a2200229 a 4500 | ||
|---|---|---|---|
| 005 | 20240924064646.0 | ||
| 008 | 081109s2003 mx r 000 0 spa d | ||
| 035 | _aUPN01000166131 | ||
| 049 | _aUNE | ||
| 080 | _a373.2 (519.5) =20 "2003" NAJ No.7. | ||
| 100 | 1 | _aNa, Jung | |
| 245 | 1 | 0 |
_aIntegrating policies and systems for early chidhood education and care : _bThe case of the Republic of Korea / _cJung Na; Mugyeong Moon. |
| 260 |
_aParis : _bUNESCO, _c2003. |
||
| 300 |
_a24 p. ; _bil. |
||
| 440 | 0 | _aEarly childhood and family policy series; 7 ED-2003/WS/30 | |
| 690 | _aNiños de edad preescolar | ||
| 690 | _aPrimera infancia | ||
| 690 |
_aEducación preescolar _91517 |
||
| 700 | 1 | _aMoon, Mugyeong | |
| 905 | _aUNESCO | ||
| 999 |
_c138243 _d138243 |
||